000 nam a22 7a 4500
999 _c7364
_d7364
008 170818b xxu||||| |||| 00| 0 eng d
100 _aMicrosoft
_93900
245 _aMicrosoft & Windows 6
_bcomputing systems plus enhanced tools
260 _aAmerica
_bMicrosoft corporation
_c1993